| 000 | 00595nam a2200169 a 4500 | ||
|---|---|---|---|
| 001 | 1176 | ||
| 003 | CDMR | ||
| 005 | 20130926164722.0 | ||
| 008 | 130130s2000||||||||||||||||||||||||||||d | ||
| 040 |
_aCDMR _bcat _cCDMR |
||
| 111 | 2 |
_aCongrés de Periodistes Catalans _cBarcelona _d2000 _n4rt _9148 |
|
| 245 | 1 | 0 |
_aEnquesta sobre la situació de la professió periodística a Catalunya 2000 _crealitzada per l'Institut Opina |
| 260 |
_aBarcelona _c2000 _bCol.legi de Periodistes de Catalunya |
||
| 300 |
_a47 p ; _c30 cm |
||
| 500 | _aEdició de l'enquesta entregada als congresistes | ||
| 942 |
_cFULLET _2udc |
||
| 999 |
_c1176 _d1176 |
||